|
|
|
|
| LEADER |
00000cam a2200000 7i4500 |
| 001 |
0000000690 |
| 005 |
20000922.0 |
| 020 |
0 |
0 |
|a 9679784975
|
| 090 |
0 |
0 |
|a 338.9595
|b PRA 1994
|
| 100 |
1 |
0 |
|a PRAMANIK
|h Ataul Huq
|c 1941-
|
| 245 |
1 |
0 |
|a Malaysia's economic success
|c Ataul Huq (Pramanik)
|
| 260 |
0 |
0 |
|a Kuala Lumpur :
|b Pelanduk Pub. ,
|c 1994
|
| 300 |
|
|
|a xix, 250 p. :
|b ill. ;
|c 22 cm.
|
| 500 |
0 |
0 |
|a Includes bibliographical references and index
|
| 651 |
0 |
0 |
|a Malaysia
|x Economic policy
|y 1981-
|
| 651 |
0 |
0 |
|a MalaysixEconomic conditions
|y 1981-
|
| 999 |
|
|
|a 0000001785
|b Monograph
|c Open Shelf
|e Default branch
|